[Event "BL2-West 9495"]
[Site "Germany"]
[Date "1995.??.??"]
[Round "5.4"]
[White "Niermann, Michael"]
[Black "Grimm, Sascha"]
[Result "0-1"]
[WhiteElo "2325"]
[BlackElo "2320"]
[PlyCount "84"]
[EventDate "1994.10.??"]
[EventType "team-tourn"]
[EventRounds "9"]
[EventCountry "GER"]
[SourceTitle "GER-chT2"]
[Source "ChessBase"]
[SourceDate "1999.07.01"]
[SourceVersion "1"]
[SourceVersionDate "1999.07.01"]
[SourceQuality "1"]
[WhiteTeam "Bochum II"]
[BlackTeam "Godesberg"]
[WhiteTeamCountry "GER"]
[BlackTeamCountry "GER"]

1. Nf3 Nf6 2. g3 g6 3. Bg2 Bg7 4. 0-0 0-0 5. d3 d6 6. e4 e5 7. Nbd2 Nc6 8. Nc4 h6 9. Nfd2 d5 10. exd5 Nxd5 11. Ne3 Nxe3 12. fxe3 Be6 13. Kh1 Qd7 14. Ne4 Qe7 15. Bd2 Rad8 16. Qe2 f5 17. Nf2 Nb4 18. a3 Nd5 19. e4 Nb6 20. exf5 gxf5 21. Rae1 Bd5 22. Qh5 Qd7 23. Bc3 Rde8 24. Nd1 Bxg2+ 25. Kxg2 Nd5 26. Kg1 f4 27. Bd2 Rf5 28. Qf3 Ref8 29. c4 fxg3 30. Qxg3 Nf4 31. Bxf4 exf4 32. Qf3 c6 33. Kh1 Bd4 34. Re2 Rg5 35. Rg2 Rf6 36. Nf2 Bxf2 37. Rfxf2 Qf5 38. Rxg5+ hxg5 39. Rg2 Re6 40. h4 Re3 41. Qd1 Qh3+ 42. Kg1 Qxh4 0-1

[Event "Montecatini Terme op"]
[Site "Montecatini Terme"]
[Date "1995.??.??"]
[Round "?"]
[White "Niermann, Michael"]
[Black "Malaniuk, Vladimir P"]
[Result "1/2-1/2"]
[WhiteElo "2285"]
[BlackElo "2580"]
[PlyCount "67"]
[EventDate "1995.07.??"]
[EventType "swiss"]
[EventRounds "9"]
[EventCountry "ITA"]
[SourceTitle "EXT 1997"]
[Source "ChessBase"]
[SourceDate "1996.11.15"]
[SourceVersion "1"]
[SourceVersionDate "1996.11.15"]
[SourceQuality "1"]

1. Nf3 f5 2. g3 Nf6 3. Bg2 d6 4. d4 g6 5. 0-0 Bg7 6. Nc3 0-0 7. Qd3 d5 8. Ne5 b6 9. Nxd5 Nxd5 10. c4 e6 11. cxd5 exd5 12. Bg5 Bf6 13. Bxf6 Rxf6 14. Rfc1 Bb7 15. Qb3 Kg7 16. Rc3 c6 17. Rac1 a5 18. a4 Ra7 19. Bxd5 Qxd5 20. Qxd5 cxd5 21. Rc7+ Kg8 22. Nd7 Nxd7 23. Rxd7 Rf7 24. Rxf7 Kxf7 25. Rc7+ Ke8 26. Rxh7 Kd8 27. Rg7 Kc8 28. h4 Ra8 29. Rxg6 Kc7 30. Rg7+ Kc6 31. Rg6+ Kd7 32. Rg7+ Kc6 33. Rg6+ Kc7 34. Rg7+ 1/2-1/2

[Event "BL2-West 9495"]
[Site "Germany"]
[Date "1995.??.??"]
[Round "1.3"]
[White "Niermann, Michael"]
[Black "Michalczak, Thomas"]
[Result "1/2-1/2"]
[WhiteElo "2325"]
[BlackElo "2365"]
[PlyCount "102"]
[EventDate "1994.10.??"]
[EventType "team-tourn"]
[EventRounds "9"]
[EventCountry "GER"]
[SourceTitle "GER-chT2"]
[Source "ChessBase"]
[SourceDate "1999.07.01"]
[SourceVersion "1"]
[SourceVersionDate "1999.07.01"]
[SourceQuality "1"]
[WhiteTeam "Bochum II"]
[BlackTeam "Plettenberg"]
[WhiteTeamCountry "GER"]
[BlackTeamCountry "GER"]

1. Nf3 Nf6 2. g3 g6 3. Bg2 Bg7 4. 0-0 d6 5. d3 0-0 6. e4 e5 7. Nbd2 c5 8. a4 Nc6 9. Nc4 h6 10. c3 Be6 11. Nfd2 d5 12. exd5 Bxd5 13. Ne4 Nxe4 14. Bxe4 f5 15. Bxd5+ Qxd5 16. Qb3 Rf7 17. Qb5 f4 18. Nd2 Rd8 19. a5 e4 20. Nxe4 f3 21. Qxc5 Qe6 22. Nd2 Ne5 23. Nxf3 Nxf3+ 24. Kg2 Rd5 25. Qe3 Rh5 26. h4 Rxh4 27. Rh1 Qxe3 28. Bxe3 Rxh1 29. Rxh1 Ne5 30. d4 Ng4 31. b4 Rc7 32. Rc1 Rc4 33. Kf3 Nf6 34. Ke2 Nd5 35. Kd3 Rc8 36. Rc2 h5 37. Bc1 Kf7 38. Bd2 Ke6 39. c4 Nf6 40. d5+ Kd7 41. Be3 a6 42. f3 Re8 43. Rc1 Ng4 44. Bf4 Ne5+ 45. Bxe5 Rxe5 46. f4 Re8 47. c5 Kc7 48. Rb1 Bf6 49. Rh1 Kd7 50. Rc1 Rh8 51. c6+ Kc7 1/2-1/2

[Event "Ghent op 18th"]
[Site "Ghent"]
[Date "1995.??.??"]
[Round "9"]
[White "Niermann, Michael"]
[Black "Van der Stricht, Geert"]
[Result "1/2-1/2"]
[WhiteElo "2320"]
[BlackElo "2175"]
[PlyCount "104"]
[EventDate "1995.07.15"]
[EventType "swiss"]
[EventRounds "9"]
[EventCountry "BEL"]
[SourceTitle "EXT 1998"]
[Source "ChessBase"]
[SourceDate "1997.11.17"]
[SourceVersion "1"]
[SourceVersionDate "1997.11.17"]
[SourceQuality "1"]

1. Nf3 Nf6 2. g3 c5 3. Bg2 g6 4. 0-0 Bg7 5. d3 0-0 6. e4 Nc6 7. Re1 d6 8. Nbd2 e5 9. c3 Ne8 10. a4 h6 11. Nc4 Be6 12. Qe2 Nc7 13. Bd2 Qd7 14. b4 cxb4 15. cxb4 Bg4 16. Qf1 b5 17. axb5 Nxb5 18. Ra6 Rab8 19. Rea1 Rfc8 20. h3 Be6 21. Ne3 Rc7 22. Nc2 Ne7 23. Na3 d5 24. Nxb5 Rxb5 25. Kh2 d4 26. R6a5 Rxa5 27. Rxa5 f6 28. h4 Nc6 29. Ra6 Rb7 30. Qb1 Rb5 31. Ne1 Qc8 32. Qa1 Bf8 33. Qa4 Rb6 34. Rxb6 axb6 35. b5 Nd8 36. Qa7 Qb7 37. Qa4 Kg7 38. Bh3 Bxh3 39. Kxh3 Ne6 40. Qc4 Qd7 41. Kg2 Nc7 42. Qc6 Qxc6 43. bxc6 Kf7 44. Nc2 Ke6 45. h5 g5 46. Kf3 Na6 47. Kg4 Bd6 48. f4 Nb8 49. fxg5 fxg5 50. Nb4 Kf7 51. Nd5 Nxc6 52. Nxb6 Ke6 1/2-1/2